Manual de la negociación colectiva /

En primer término aborda los aspectos generales de la negociación colectiva y sus tipos. Resulta muy interesante la inclusión en esta obra de una serie de modelos prácticos utilizados en el proceso de la negociación colectiva, entre los cuales destaca modelo de proyecto de contrato colectivo; modelo...

Full description

Bibliographic Details
Main Author: Aguayo, Cristián
Corporate Author: Chile
Other Authors: Rosenberg Vainsencher, José
Format: Libro
Language:Spanish
Published: Santiago, Chile Punto Lex 2012
Subjects:
Online Access:

MARC

LEADER 00000cam a2200000 a 4500
001 009587
003 UAHC_CL
005 20170803120604.0
008 120503s2012 cl 000 spa
020 |a 9789563370638 
040 |a UAHC_CL  |c UAHC_CL  |d UAHC_CL 
082 0 4 |a 331.890983  |b A282  |2 21 
100 1 |a Aguayo, Cristián 
245 1 0 |a Manual de la negociación colectiva /  |c Cristián Aguayo, José Rosenberg Vainsencher. 
260 |b Punto Lex  |a Santiago, Chile  |c 2012 
300 |a 343 p. 
520 |a En primer término aborda los aspectos generales de la negociación colectiva y sus tipos. Resulta muy interesante la inclusión en esta obra de una serie de modelos prácticos utilizados en el proceso de la negociación colectiva, entre los cuales destaca modelo de proyecto de contrato colectivo; modelo de respuesta al contrato; formatos de aviso de presentación de proyecto, de aviso a la Inspección del trabajo y a los dirigentes, y formato aviso de la última oferta a los trabajadores, entre otros. 
650 4 |a NEGOCIACION COLECTIVA  |x ASPECTOS JURIDICOS  |z CHILE 
650 4 |a Derecho administrativo  |x Jurisprudencia  |z Chile 
653 |a DERECHO 
700 1 |a Rosenberg Vainsencher, José 
710 1 |a Chile.  |t Ley no. 19.759 
900 |a 331.89 AGU 
942 |c BK 
952 |0 0  |1 0  |4 0  |6 331_890000000000000_AGU  |7 0  |8 General  |9 20016  |a BC  |b BC  |c General  |d 2017-08-03  |l 1  |m 1  |o 331.89 AGU  |p 1400342  |r 2026-01-13 00:00:00  |s 2018-04-05  |t 1  |w 2017-08-03  |y BK 
999 |c 9587  |d 9587